000 00453nam a2200181Ia 4500
001 471
005 20260306140520.0
008 260306t2006||||xx |||||||||||||| ||spa||
041 _aESP
082 _a121
_bl12
100 _aGonzález Casanova, Pablo (coord.)
_eAUT
245 0 _aLa formación de conceptos en ciencias y humanidades
260 _c2006
300 _a285 páginas :
_ccm.
650 _aGEN
654 _aCHU
942 _cLIB
_dJUS
_fJUS
_2ddc
_n
999 _c471
_d471